Figurines POP - Harry Potter - Clic Quiz - Statistiques

Statistiques générales
  • Ce quiz a été pris 265 fois
  • Le résultat moyen est 19 sur 20
Statistiques - réponses
Hint Réponse % Correct

Personnage

Ron Weasley

97%

Personnage

Rubeus Hagrid

97%

Personnage

Voldemort

97%

Personnage

Albus Dumbledore

96%

Personnage

Drago Malefoy

96%

Personnage

Minerva McGonagall

96%

Personnage

Dobby

96%

Personnage

Severus Rogue

95%

Personnage

Bellatrix Lestrange

95%

Personnage

Harry Potter

94%

Personnage

Luna Lovegood

94%

Personnage

Ginny Weasley

94%

Personnage

Hedwige

94%

Personnage

Neville Londubat

93%

Personnage

Hermione Granger

92%

Personnage

Sirius Black

89%

Personnage

Alastor Maugrey

88%

Personnage

Gilderoy Lockhart

86%

Personnage

Remus Lupin

86%

Personnage

Lucius Malefoy

85%
Aucun quiz correspondant
Distribution des résultats
% des personnes avec chaque résultat
Percentile par nombre de réponses
Votre historique - résultats
Vous n’avez pas pris ce quiz